Joyas musicales adaptadas para acordeón-piano / (Record no. 85369)

MARC details
000 -LEADER
campo de control de longitud fija 00457nam a2200157 i 4500
001 - NÚMERO DE CONTROL
campo de control 85369
003 - IDENTIFICADOR DE NÚMERO DE CONTROL
campo de control ES-MaACL
005 - FECHA Y HORA DE LA ÚLTIMA TRANSACCIÓN
campo de control 20230906175229.0
007 - CAMPO FIJO DE DESCRIPCIÓN FÍSICA--INFORMACIÓN GENERAL
campo de control de longitud fija t|
008 - DATOS DE LONGITUD FIJA--INFORMACIÓN GENERAL
campo de control de longitud fija 041126s1969 sp ||||1| spa d
245 00 - MENCIÓN DEL TÍTULO
Título Joyas musicales adaptadas para acordeón-piano /
Mención de responsabilidad, etc. versión, Giovanni d'Orsi.
260 ## - PUBLICACIÓN, DISTRIBUCIÓN, ETC.
Lugar de publicación, distribución, etc. Madrid :
Nombre del editor, distribuidor, etc. Música Moderna,
Fecha de publicación, distribución, etc. [1969]
300 ## - DESCRIPCIÓN FÍSICA
Extensión 100 p. ;
Dimensiones 32 cm.
700 1# - ENTRADA AGREGADA--NOMBRE PERSONAL
Nombre de persona D'Orsi, Giovanni.
9 (RLIN) 42384
852 ## - LOCALIZACIÓN
Ubicación ES-MaACL
Número de control de estantería C-36324
Sublocalización o colección R.70613
Holdings
Estatus retirado Estado de pérdida Estado de daño No para préstamo Biblioteca de origen Biblioteca actual Ubicación en estantería Fecha de adquisición Fuente de adquisición Total de préstamos Signatura topográfica completa Código de barras Visto por última vez Precio de reemplazo Tipo de ítem Koha
        Biblioteca del Ateneo de Madrid Biblioteca del Ateneo de Madrid Depósito 2 17/01/2008     C-36324 1089209 23/02/2023 23/02/2023 Libro impreso